00486nam a2200145Ia 450000500170000000800410001708200230005810000180008124500250009925000160012426000450014030000190018550001260020465000100033020250310010916.0240331s9999 xx 000 0 und d bYOG25780a894.811 aYoganathan, C 0aSunthariyin Mukangal a2nd Edition aChennai,bSatyabarathi Pathippagamc1994 a176 p., (C II) aA novel that won multiple prizes and has been praised for being a collection of the best short stories published in Tamil aNovel